Länder die ein Z enthalten - Statistiken

Allgemein
  • Dieses Quiz wurde 282 mal gespielt
  • Das Durchschnittsergebnis liegt bei 3 aus 7
Antwortstatistiken
Antwort % Korrekt
Zypern
87%
Zentralafrikanische Republik
60%
Nordmazedonien
28%
Belize
23%
Schweiz
23%
Venezuela
23%
Bosnien und Herzegowina
11%
Keine übereinstimmenden Quizze gefunden
Verteilung der Resultate
Anzahl Personen mit jedem Resultat
Perzentil nach korrekt beantworteten Fragen
Ihre Resultats-Entwicklung
Sie haben dieses Quiz noch nicht gespielt